Ethiopia First Level Subdivisions - Statistics

General Stats
  • This quiz has been taken 199 times
  • The average score is 6 of 11
Answer Stats
Kililoch % Correct
Addis Ababa
91%
Somali
78%
Afar
65%
Oromia
65%
Amhara
61%
Tigray
61%
Dire Dawa
57%
Gambela
44%
Harari
44%
Southern Nations, Nationalities, and Peoples
39%
Benishangul-Gumuz
29%
No matching quizzes found
Score Distribution
Percent of People with Each Score
Percentile by Number Answered
Your Score History
You have not taken this quiz